| 000 | 00962nam a22002057a 4500 | ||
|---|---|---|---|
| 005 | 20210325191826.0 | ||
| 008 | s2532 th tha d | ||
| 041 | _atha | ||
| 090 | _aว JQ1749.A78 ธ213ก 2532 | ||
| 100 | 0 | _aธนัน อนุมานราชธน | |
| 245 | 1 | 0 | _aการหาเสียงที่ขัดต่อกฎหมาย (การเลือกตั้งทั่วไป 2531) |
| 260 | 3 |
_aเชียงใหม่ : _bศูนย์ศึกษาการเลือกตั้ง คณะสังคมศาสตร์ มหาวิทยาลัยเชียงใหม่, _c2532 |
|
| 300 |
_a88 หน้า : _b ตาราง ; _c 27 ซม. |
||
| 650 | 0 | 4 | _aการหาเสียงเลือกตั้ง |
| 700 | 0 | _aธนัน อนุมานราชธน | |
| 850 | _aNALT | ||
| 942 | _cRSH | ||
| 997 |
_c000000000029661 _kVC |
||
| 998 | _aPRATHANA | ||
| 999 |
_c29661 _d29661 |
||